| 000 | 00393nam a2200157Ia 4500 | ||
|---|---|---|---|
| 008 | 230718s9999 xx 000 0 und d | ||
| 041 | _aeng | ||
| 082 |
_a005.678 _bMAN |
||
| 100 | _aMantravadi P.M. | ||
| 245 | _aE -healthcare Concepts & Cases | ||
| 260 |
_c2004 _bICFAI Books |
||
| 300 | _a170 | ||
| 365 |
_cRs. _b350.00 |
||
| 700 | _aMantravadi P.M. | ||
| 906 |
_d12/4/06/IPRESS/2006 _cIT |
||
| 999 |
_c313503 _d313503 |
||